[Event "DEM U8w 2025"]
[Site "Willingen GER"]
[Date "2025.06.12"]
[Round "3"]
[White "Dudi, Srija"]
[Black "Murrau, Adela"]
[Result "1-0"]
[Termination "normal"]
[Board "5"]
[WhiteElo "834"]
[BlackElo "991"]
[WhiteClock "01:00:01"]
[BlackClock "00:39:02"]
[PlyCount "33"]
[EventCountry "GER"]
[EventRounds "7"]
[EventType "swiss"]
[EventDate "2025.06.10"]

1. e4 {[%clk 01:00:28]} {[%emt 00:00:02]} e5 {[%clk 01:00:24]} {[%emt
00:00:06]} 2. Nf3 {[%clk 01:00:37]} {[%emt 00:00:07]} Nc6 {[%clk 01:00:30]}
{[%emt 00:00:09]} 3. Bc4 {[%emt 00:00:36]} Bc5 {[%emt 00:00:11]} 4. d3 {[%clk
00:59:36]} {[%emt 00:00:29]} Nf6 {[%clk 01:00:28]} {[%emt 00:00:17]} 5. Bg5
{[%clk 00:59:44]} {[%emt 00:00:07]} O-O {[%clk 00:58:47]} {[%emt 00:01:51]} 6.
Nc3 {[%emt 00:00:10]} d6 {[%clk 00:58:31]} {[%emt 00:00:29]} 7. Nd5 {[%emt
00:00:05]} Bg4 {[%clk 00:54:54]} {[%emt 00:03:51]} 8. Nxf6+ {[%clk 01:00:18]}
{[%emt 00:00:05]} gxf6 {[%clk 00:54:41]} {[%emt 00:00:27]} 9. Bh4 {[%clk
01:00:30]} {[%emt 00:00:02]} Nd4 {[%clk 00:53:52]} {[%emt 00:01:07]} 10. Qd2
{[%clk 01:00:41]} {[%emt 00:00:03]} Bxf3 {[%clk 00:53:45]} {[%emt 00:00:21]}
11. Qh6 {[%clk 01:00:18]} {[%emt 00:00:38]} Qe8 {[%clk 00:51:40]} {[%emt
00:02:21]} 12. Bxf6 {[%emt 00:00:51]} Nxc2+ {[%clk 00:41:00]} {[%emt 00:10:18]}
13. Kd2 {[%clk 01:00:02]} {[%emt 00:00:31]} Bb4+ {[%clk 00:40:50]} {[%emt
00:00:27]} 14. Kxc2 {[%clk 01:00:13]} {[%emt 00:00:03]} Bd1+ {[%clk 00:40:56]}
{[%emt 00:00:09]} 15. Kxd1 {[%clk 01:00:13]} {[%emt 00:00:15]} Qa4+ {[%clk
00:40:53]} {[%emt 00:00:19]} 16. b3 {[%clk 01:00:26]} {[%emt 00:00:02]} Qe8
{[%clk 00:39:02]} {[%emt 00:02:05]} 17. Qg7# {[%clk 01:00:01]} {[%emt
00:00:21]} 1-0

[Event "DEM U8w 2025"]
[Site "Willingen GER"]
[Date "2025.06.12"]
[Round "3"]
[White "Kühn, Ariane"]
[Black "Nguyen, Lena"]
[Result "1-0"]
[Termination "normal"]
[Board "6"]
[WhiteElo "931"]
[BlackElo "795"]
[WhiteClock "00:45:32"]
[BlackClock "00:46:16"]
[PlyCount "73"]
[EventCountry "GER"]
[EventRounds "7"]
[EventType "swiss"]
[EventDate "2025.06.10"]

1. e4 {[%clk 01:00:29]} e5 {[%clk 01:00:21]} {[%emt 00:00:06]} 2. Nf3 {[%clk
01:00:41]} {[%emt 00:00:06]} Nc6 {[%clk 01:00:28]} {[%emt 00:00:08]} 3. Bb5
{[%clk 01:00:37]} {[%emt 00:00:18]} a6 {[%clk 01:00:06]} {[%emt 00:00:33]} 4.
Bxc6 {[%clk 00:59:43]} {[%emt 00:01:15]} bxc6 {[%clk 01:00:00]} {[%emt
00:00:11]} 5. O-O {[%clk 00:58:54]} {[%emt 00:01:13]} d6 {[%clk 00:59:40]}
{[%emt 00:00:27]} 6. d4 {[%clk 00:58:51]} {[%emt 00:00:18]} Nf6 {[%clk
00:58:37]} {[%emt 00:01:21]} 7. Nc3 {[%clk 00:58:48]} {[%emt 00:00:12]} exd4
{[%clk 00:58:17]} {[%emt 00:00:30]} 8. Nxd4 {[%clk 00:56:28]} {[%emt 00:02:33]}
Bb7 {[%clk 00:57:44]} {[%emt 00:00:47]} 9. Bg5 {[%clk 00:54:37]} {[%emt
00:02:24]} Be7 {[%clk 00:57:31]} {[%emt 00:00:25]} 10. Bxf6 {[%clk 00:53:30]}
{[%emt 00:01:10]} Bxf6 {[%clk 00:57:37]} {[%emt 00:00:20]} 11. Qe2 {[%clk
00:53:02]} {[%emt 00:00:41]} Bxd4 {[%emt 00:01:35]} 12. Qc4 {[%clk 00:52:28]}
{[%emt 00:00:07]} c5 {[%emt 00:01:18]} 13. Nd1 {[%clk 00:51:48]} {[%emt
00:00:04]} Bxe4 {[%emt 00:00:20]} 14. c3 {[%emt 00:00:23]} Qg5 {[%clk
00:55:26]} {[%emt 00:00:55]} 15. g3 {[%clk 00:51:52]} {[%emt 00:00:15]} Bd5
{[%emt 00:00:30]} 16. Qa4+ {[%emt 00:01:11]} c6 {[%clk 00:53:44]} {[%emt
00:00:39]} 17. cxd4 {[%clk 00:51:57]} {[%emt 00:00:11]} O-O {[%clk 00:53:24]}
{[%emt 00:00:34]} 18. Ne3 {[%clk 00:51:48]} {[%emt 00:00:15]} cxd4 {[%emt
00:00:50]} 19. Nxd5 {[%emt 00:00:10]} Qxd5 {[%clk 00:51:48]} {[%emt 00:00:25]}
20. Qc2 {[%clk 00:51:43]} {[%emt 00:00:44]} Rfe8 {[%clk 00:51:06]} {[%emt
00:00:38]} 21. Rae1 {[%clk 00:50:33]} {[%emt 00:01:46]} Rxe1 {[%clk 00:50:58]}
{[%emt 00:00:31]} 22. Rxe1 {[%clk 00:48:59]} {[%emt 00:01:50]} Qxa2 {[%emt
00:00:07]} 23. Qe2 {[%emt 00:01:00]} g6 {[%clk 00:49:57]} {[%emt 00:00:03]} 24.
Qe4 {[%clk 00:48:51]} {[%emt 00:00:20]} Qxb2 {[%clk 00:49:36]} {[%emt
00:00:37]} 25. Qxc6 {[%emt 00:00:50]} Rb8 {[%clk 00:49:14]} {[%emt 00:00:01]}
26. Qxd6 {[%clk 00:48:47]} {[%emt 00:00:07]} Rb6 {[%clk 00:49:28]} {[%emt
00:00:23]} 27. Re8+ {[%clk 00:48:47]} {[%emt 00:00:14]} Kg7 {[%clk 00:49:07]}
{[%emt 00:00:29]} 28. Qe5+ {[%clk 00:48:59]} {[%emt 00:00:10]} f6 {[%clk
00:48:36]} {[%emt 00:00:47]} 29. Qe7+ {[%clk 00:48:42]} {[%emt 00:00:25]} Kh6
{[%clk 00:48:23]} {[%emt 00:00:34]} 30. Qf8+ {[%clk 00:48:27]} {[%emt
00:00:27]} Kh5 {[%emt 00:00:18]} 31. Qc5+ {[%emt 00:00:17]} g5 {[%clk
00:47:05]} {[%emt 00:00:57]} 32. h3 {[%clk 00:47:53]} {[%emt 00:00:48]} Rb5
{[%clk 00:46:31]} {[%emt 00:00:49]} 33. g4+ {[%clk 00:46:30]} {[%emt 00:01:36]}
Kh4 {[%clk 00:46:15]} {[%emt 00:00:38]} 34. Qe7 {[%clk 00:45:43]} {[%emt
00:00:36]} Rb7 {[%clk 00:46:18]} 35. Qxf6 {[%clk 00:45:41]} {[%emt 00:00:46]}
Qc1+ {[%clk 00:46:02]} {[%emt 00:00:34]} 36. Kg2 {[%clk 00:45:32]} {[%emt
00:00:12]} Rb1 {[%clk 00:46:16]} 37. Qh6# {[%emt 00:00:41]} 1-0

[Event "DEM U8w 2025"]
[Site "Willingen GER"]
[Date "2025.06.12"]
[Round "3"]
[White "Richter Assencio, Carolina"]
[Black "Troeder, Helena"]
[Result "1-0"]
[Termination "normal"]
[Board "12"]
[WhiteElo "751"]
[BlackElo "778"]
[WhiteClock "00:57:28"]
[BlackClock "00:53:44"]
[PlyCount "67"]
[EventCountry "GER"]
[EventRounds "7"]
[EventType "swiss"]
[EventDate "2025.06.10"]

1. e4 {[%clk 01:00:28]} {[%emt 16:40:14]} e5 {[%clk 01:00:25]} {[%emt
00:00:05]} 2. Nf3 {[%clk 01:00:33]} {[%emt 00:00:07]} Nc6 {[%clk 01:00:32]}
{[%emt 00:00:11]} 3. Bc4 {[%clk 01:00:41]} {[%emt 00:00:08]} Bc5 {[%clk
01:00:27]} {[%emt 00:00:19]} 4. d3 {[%clk 01:00:41]} {[%emt 00:00:16]} d6
{[%clk 01:00:29]} {[%emt 00:00:13]} 5. Nc3 {[%clk 01:00:42]} {[%emt 00:00:14]}
Nf6 {[%clk 01:00:25]} {[%emt 00:00:18]} 6. Bg5 {[%clk 01:00:48]} {[%emt
00:00:09]} Bg4 {[%clk 01:00:26]} {[%emt 00:00:12]} 7. O-O {[%clk 01:00:48]}
{[%emt 00:00:17]} O-O {[%clk 01:00:34]} {[%emt 00:00:07]} 8. a3 {[%clk
01:00:52]} {[%emt 00:00:11]} a6 {[%clk 01:00:25]} {[%emt 00:00:24]} 9. Bxf6
{[%clk 01:00:59]} {[%emt 00:00:08]} Qxf6 {[%clk 01:00:27]} {[%emt 00:00:14]}
10. Nd5 {[%clk 01:01:07]} {[%emt 00:00:07]} Qd8 {[%clk 00:59:59]} {[%emt
00:00:42]} 11. b4 {[%clk 01:01:08]} {[%emt 00:00:15]} b5 {[%clk 00:59:54]}
{[%emt 00:00:19]} 12. bxc5 {[%clk 01:00:48]} {[%emt 00:00:34]} bxc4 {[%clk
00:59:52]} {[%emt 00:00:19]} 13. dxc4 {[%clk 01:00:50]} {[%emt 00:00:12]} dxc5
{[%clk 00:59:40]} {[%emt 00:00:28]} 14. h3 {[%clk 01:00:13]} {[%emt 00:00:52]}
Bxf3 {[%clk 00:59:41]} {[%emt 00:00:13]} 15. Qxf3 {[%clk 01:00:11]} {[%emt
00:00:18]} Nd4 {[%clk 00:59:45]} {[%emt 00:00:10]} 16. Qd1 {[%clk 00:59:27]}
{[%emt 00:00:59]} Rb8 {[%clk 00:59:41]} {[%emt 00:00:19]} 17. Qd2 {[%clk
00:59:25]} {[%emt 00:00:18]} Qd7 {[%clk 00:59:34]} {[%emt 00:00:21]} 18. c3
{[%clk 00:59:20]} {[%emt 00:00:19]} c6 {[%clk 00:59:35]} {[%emt 00:00:15]} 19.
Rab1 {[%clk 00:59:09]} {[%emt 00:00:26]} Rfe8 {[%clk 00:59:23]} {[%emt
00:00:26]} 20. Rxb8 {[%clk 00:58:50]} {[%emt 00:00:35]} Rxb8 {[%emt 00:00:45]}
21. Ne3 {[%clk 00:58:19]} {[%emt 00:00:10]} Nb3 {[%clk 00:59:06]} {[%emt
00:00:38]} 22. Qxd7 {[%clk 00:58:00]} {[%emt 00:00:35]} Na5 {[%clk 00:57:58]}
{[%emt 00:01:22]} 23. Rd1 {[%clk 00:57:43]} {[%emt 00:00:31]} g6 {[%clk
00:57:44]} {[%emt 00:00:30]} 24. Ng4 {[%clk 00:57:39]} {[%emt 00:00:19]} Rb7
{[%clk 00:56:56]} {[%emt 00:01:04]} 25. Qd8+ {[%clk 00:57:36]} {[%emt
00:00:18]} Kg7 {[%clk 00:56:58]} {[%emt 00:00:12]} 26. Qxa5 {[%clk 00:57:39]}
{[%emt 00:00:12]} Rb8 {[%clk 00:56:32]} {[%emt 00:00:42]} 27. Nxe5 {[%clk
00:57:37]} {[%emt 00:00:17]} Re8 {[%clk 00:56:30]} {[%emt 00:00:17]} 28. Qxc5
{[%clk 00:57:41]} {[%emt 00:00:11]} f6 {[%clk 00:56:19]} {[%emt 00:00:24]} 29.
Nxc6 {[%clk 00:57:35]} {[%emt 00:00:22]} Rxe4 {[%clk 00:55:28]} {[%emt
00:01:06]} 30. Rd7+ {[%clk 00:57:37]} {[%emt 00:00:12]} Kh6 {[%emt 00:00:21]}
31. g4 {[%emt 00:00:24]} Re1+ {[%clk 00:54:26]} {[%emt 00:00:33]} 32. Kg2
{[%clk 00:57:36]} {[%emt 00:00:16]} g5 {[%clk 00:54:00]} {[%emt 00:00:41]} 33.
h4 {[%clk 00:57:30]} {[%emt 00:00:20]} gxh4 {[%clk 00:53:44]} {[%emt 00:00:32]}
34. Qh5# {[%clk 00:57:28]} {[%emt 00:00:14]} 1-0

[Event "DEM U8w 2025"]
[Site "Willingen GER"]
[Date "2025.06.12"]
[Round "3"]
[White "Meier, Hanna"]
[Black "Piatrushko, Alisa"]
[Result "1-0"]
[Termination "normal"]
[Board "13"]
[WhiteElo "718"]
[BlackElo "795"]
[WhiteClock "01:00:47"]
[BlackClock "00:57:51"]
[PlyCount "23"]
[EventCountry "GER"]
[EventRounds "7"]
[EventType "swiss"]
[EventDate "2025.06.10"]

1. e4 {[%clk 01:00:29]} e5 {[%clk 01:00:24]} {[%emt 00:00:06]} 2. Nf3 {[%clk
01:00:38]} {[%emt 00:00:06]} Nc6 {[%clk 01:00:32]} {[%emt 00:00:08]} 3. Bc4
{[%clk 01:00:39]} {[%emt 00:00:13]} Nf6 {[%clk 01:00:38]} {[%emt 00:00:10]} 4.
d3 {[%clk 01:00:44]} {[%emt 00:00:10]} Bb4+ {[%clk 01:00:36]} {[%emt 00:00:17]}
5. c3 {[%clk 01:00:46]} {[%emt 00:00:12]} Bc5 {[%clk 01:00:13]} {[%emt
00:00:39]} 6. O-O {[%clk 01:00:49]} {[%emt 00:00:11]} O-O {[%clk 01:00:18]}
{[%emt 00:00:10]} 7. Ng5 {[%clk 01:00:49]} {[%emt 00:00:15]} d5 {[%clk
00:59:29]} {[%emt 00:01:05]} 8. exd5 {[%clk 01:00:52]} {[%emt 00:00:12]} Nxd5
{[%clk 00:59:29]} {[%emt 00:00:14]} 9. Qf3 {[%clk 01:00:48]} {[%emt 00:00:19]}
Be6 {[%clk 00:58:45]} {[%emt 00:01:00]} 10. Qg3 {[%clk 01:00:47]} {[%emt
00:00:14]} Nf4 {[%clk 00:57:57]} {[%emt 00:01:04]} 11. Qh4 {[%clk 01:00:47]}
{[%emt 00:00:15]} Bxc4 {[%clk 00:57:51]} {[%emt 00:00:22]} 12. Qxh7# {[%emt
00:00:48]} 1-0

[Event "DEM U8w 2025"]
[Site "Willingen GER"]
[Date "2025.06.12"]
[Round "4"]
[White "Dobrynina, Alina"]
[Black "Lytvynenko, Sofi"]
[Result "1-0"]
[Termination "normal"]
[Board "1"]
[WhiteElo "979"]
[BlackElo "1411"]
[WhiteClock "00:34:36"]
[BlackClock "00:36:25"]
[PlyCount "51"]
[BlackFideId "34689761"]
[EventCountry "GER"]
[EventRounds "7"]
[EventType "swiss"]
[EventDate "2025.06.10"]

1. e4 {[%clk 01:00:27]} {[%emt 00:00:01]} c6 {[%clk 01:00:22]} {[%emt
00:00:08]} 2. d4 {[%clk 01:00:37]} {[%emt 00:00:06]} d5 {[%clk 01:00:30]}
{[%emt 00:00:08]} 3. exd5 {[%clk 01:00:40]} {[%emt 00:00:11]} cxd5 {[%clk
01:00:33]} {[%emt 00:00:12]} 4. Bd3 {[%clk 01:00:37]} {[%emt 00:00:16]} Nf6
{[%clk 01:00:36]} {[%emt 00:00:12]} 5. Bf4 {[%clk 01:00:21]} {[%emt 00:00:30]}
Nc6 {[%clk 00:59:54]} {[%emt 00:00:58]} 6. c3 {[%clk 01:00:22]} {[%emt
00:00:14]} Bg4 {[%clk 00:59:29]} {[%emt 00:00:40]} 7. Qc2 {[%clk 01:00:21]}
{[%emt 00:00:15]} e6 {[%clk 00:58:47]} {[%emt 00:00:58]} 8. h3 {[%clk
01:00:05]} {[%emt 00:00:29]} Bh5 {[%clk 00:58:42]} {[%emt 00:00:20]} 9. Nf3
{[%clk 00:59:52]} {[%emt 00:00:28]} Bxf3 {[%clk 00:58:26]} {[%emt 00:00:33]}
10. gxf3 {[%clk 00:59:44]} {[%emt 00:00:22]} Be7 {[%clk 00:57:55]} {[%emt
00:00:46]} 11. Nd2 {[%clk 00:58:50]} {[%emt 00:01:09]} Qb6 {[%clk 00:57:45]}
{[%emt 00:00:24]} 12. Bg3 {[%clk 00:57:18]} {[%emt 00:01:47]} O-O-O {[%clk
00:54:36]} {[%emt 00:03:27]} 13. O-O {[%clk 00:56:58]} {[%emt 00:00:34]} g5
{[%clk 00:54:23]} {[%emt 00:00:29]} 14. a4 {[%clk 00:53:15]} {[%emt 00:03:57]}
Rdg8 {[%clk 00:53:22]} {[%emt 00:01:16]} 15. b4 {[%clk 00:51:50]} {[%emt
00:01:40]} h5 {[%clk 00:53:03]} {[%emt 00:00:34]} 16. a5 {[%clk 00:49:22]}
{[%emt 00:02:43]} Qd8 {[%clk 00:53:03]} {[%emt 00:00:16]} 17. a6 {[%clk
00:47:08]} {[%emt 00:02:29]} b6 {[%clk 00:49:55]} {[%emt 00:03:23]} 18. Bb5
{[%clk 00:43:04]} {[%emt 00:04:18]} Nb8 {[%clk 00:49:22]} {[%emt 00:00:49]} 19.
c4 {[%clk 00:42:23]} {[%emt 00:00:56]} Bd6 {[%clk 00:48:21]} {[%emt 00:01:15]}
20. cxd5+ {[%clk 00:38:34]} {[%emt 00:04:04]} Bc7 {[%clk 00:48:19]} {[%emt
00:00:17]} 21. d6 {[%clk 00:37:49]} {[%emt 00:01:00]} Nd5 {[%clk 00:38:54]}
{[%emt 00:09:41]} 22. dxc7 {[%clk 00:36:27]} {[%emt 00:01:37]} Nxc7 {[%clk
00:38:32]} {[%emt 00:00:37]} 23. Ne4 {[%clk 00:35:39]} {[%emt 00:01:02]} g4
{[%clk 00:38:21]} {[%emt 00:00:28]} 24. Nd6+ {[%clk 00:35:37]} {[%emt
00:00:16]} Qxd6 {[%clk 00:36:43]} {[%emt 00:01:53]} 25. Bxd6 {[%clk 00:34:40]}
{[%emt 00:01:11]} Kd8 {[%clk 00:36:25]} {[%emt 00:00:33]} 26. Qxc7# {[%clk
00:34:36]} {[%emt 00:00:20]} 1-0

[Event "DEM U8w 2025"]
[Site "Willingen GER"]
[Date "2025.06.12"]
[Round "4"]
[White "Markov, Agnia-Sari"]
[Black "Sydykova, Zarema"]
[Result "0-1"]
[Termination "normal"]
[Board "2"]
[WhiteElo "920"]
[BlackElo "1141"]
[WhiteClock "00:28:23"]
[BlackClock "00:48:26"]
[PlyCount "74"]
[EventCountry "GER"]
[EventRounds "7"]
[EventType "swiss"]
[EventDate "2025.06.10"]

1. e4 {[%clk 01:00:29]} e5 {[%clk 01:00:26]} {[%emt 00:00:04]} 2. Nf3 {[%clk
01:00:37]} {[%emt 00:00:07]} Nc6 {[%clk 01:00:36]} {[%emt 00:00:06]} 3. Bc4
{[%clk 01:00:38]} {[%emt 00:00:13]} Bc5 {[%clk 01:00:41]} {[%emt 00:00:10]} 4.
b4 {[%clk 01:00:38]} {[%emt 00:00:16]} Bxb4 {[%clk 01:00:38]} {[%emt 00:00:17]}
5. c3 {[%clk 01:00:43]} {[%emt 00:00:10]} Ba5 {[%clk 01:00:44]} {[%emt
00:00:08]} 6. d4 {[%clk 01:00:48]} {[%emt 00:00:11]} exd4 {[%clk 01:00:19]}
{[%emt 00:00:53]} 7. Qb3 {[%clk 01:00:56]} {[%emt 00:00:19]} Qe7 {[%clk
00:59:19]} {[%emt 00:01:20]} 8. O-O {[%clk 01:00:53]} {[%emt 00:00:18]} h6
{[%clk 00:58:57]} {[%emt 00:00:36]} 9. Ba3 {[%clk 00:59:45]} {[%emt 00:01:24]}
Qf6 {[%clk 00:57:03]} {[%emt 00:02:10]} 10. Re1 {[%clk 00:58:00]} {[%emt
00:01:55]} Nge7 {[%clk 00:56:47]} {[%emt 00:00:35]} 11. e5 {[%clk 00:57:35]}
{[%emt 00:00:40]} Qg6 {[%clk 00:56:44]} {[%emt 00:00:18]} 12. Nh4 {[%clk
00:56:23]} {[%emt 00:01:21]} Qh5 {[%clk 00:55:56]} {[%emt 00:01:08]} 13. Nf3
{[%clk 00:55:45]} {[%emt 00:00:50]} O-O {[%clk 00:56:02]} {[%emt 00:00:14]} 14.
Nbd2 {[%clk 00:54:50]} {[%emt 00:01:07]} dxc3 {[%clk 00:55:17]} {[%emt
00:01:02]} 15. Ne4 {[%clk 00:54:15]} {[%emt 00:00:47]} c2 {[%clk 00:53:58]}
{[%emt 00:01:38]} 16. Rec1 {[%clk 00:53:30]} {[%emt 00:00:46]} Re8 {[%clk
00:53:37]} {[%emt 00:00:49]} 17. Rxc2 {[%clk 00:53:05]} {[%emt 00:00:37]} Qg6
{[%clk 00:52:42]} {[%emt 00:01:13]} 18. Re2 {[%clk 00:52:13]} {[%emt 00:00:52]}
Nf5 {[%clk 00:52:22]} {[%emt 00:00:51]} 19. g3 {[%clk 00:51:22]} {[%emt
00:01:03]} Nfd4 {[%clk 00:52:24]} {[%emt 00:00:15]} 20. Nxd4 {[%clk 00:50:43]}
{[%emt 00:00:53]} Nxd4 {[%clk 00:52:25]} {[%emt 00:00:15]} 21. Qb2 {[%clk
00:49:41]} {[%emt 00:01:09]} Nxe2+ {[%clk 00:52:20]} {[%emt 00:00:28]} 22. Qxe2
{[%clk 00:48:57]} {[%emt 00:00:50]} Rxe5 {[%clk 00:51:43]} {[%emt 00:01:00]}
23. Bb2 {[%clk 00:46:29]} {[%emt 00:02:37]} Rxe4 {[%clk 00:51:02]} {[%emt
00:01:01]} 24. Qc2 {[%clk 00:44:19]} {[%emt 00:02:12]} Re1+ {[%clk 00:51:00]}
{[%emt 00:00:31]} 25. Rxe1 {[%clk 00:42:47]} {[%emt 00:01:47]} Qxc2 {[%clk
00:51:09]} {[%emt 00:00:07]} 26. Re8+ {[%clk 00:39:18]} {[%emt 00:03:38]} Kh7
{[%clk 00:51:15]} {[%emt 00:00:15]} 27. Bd5 {[%clk 00:38:24]} {[%emt 00:00:58]}
Qd1+ {[%clk 00:51:13]} {[%emt 00:00:27]} 28. Kg2 {[%clk 00:37:44]} {[%emt
00:00:55]} Qxd5+ {[%clk 00:49:12]} {[%emt 00:02:17]} 29. Kg1 {[%clk 00:35:40]}
{[%emt 00:02:15]} b6 {[%clk 00:48:54]} {[%emt 00:00:37]} 30. Kf1 {[%clk
00:34:13]} {[%emt 00:01:38]} Qb5+ {[%clk 00:48:25]} {[%emt 00:00:47]} 31. Re2
{[%clk 00:33:08]} {[%emt 00:01:20]} Ba6 {[%clk 00:48:19]} {[%emt 00:00:22]} 32.
g4 {[%clk 00:29:41]} {[%emt 00:03:41]} Qxe2+ {[%clk 00:48:17]} {[%emt
00:00:17]} 33. Kg2 {[%clk 00:29:35]} {[%emt 00:00:16]} Qxb2 {[%clk 00:48:26]}
{[%emt 00:00:28]} 34. h4 {[%clk 00:29:19]} {[%emt 00:00:44]} Bb7+ {[%clk
00:48:31]} {[%emt 00:00:10]} 35. Kh3 {[%clk 00:28:44]} {[%emt 00:00:48]} Qxf2
{[%clk 00:48:23]} {[%emt 00:00:25]} 36. h5 {[%clk 00:28:29]} {[%emt 00:00:29]}
Qg2+ {[%clk 00:48:17]} {[%emt 00:00:22]} 37. Kh4 {[%clk 00:28:23]} {[%emt
00:00:21]} Qh2# {[%clk 00:48:26]} {[%emt 00:00:11]} 0-1

[Event "DEM U8w 2025"]
[Site "Willingen GER"]
[Date "2025.06.12"]
[Round "4"]
[White "Caber, Marianna Maya"]
[Black "Kühn, Ariane"]
[Result "1-0"]
[Termination "normal"]
[Board "3"]
[WhiteElo "973"]
[BlackElo "931"]
[WhiteClock "00:56:49"]
[BlackClock "00:39:44"]
[PlyCount "105"]
[WhiteFideId "533024170"]
[EventCountry "GER"]
[EventRounds "7"]
[EventType "swiss"]
[EventDate "2025.06.10"]

1. Nf3 {[%clk 01:00:27]} {[%emt 00:00:02]} d5 {[%clk 01:00:23]} {[%emt
00:00:07]} 2. g3 {[%clk 01:00:35]} {[%emt 00:00:07]} Nf6 {[%clk 01:00:30]}
{[%emt 00:00:07]} 3. Bg2 {[%clk 01:00:28]} {[%emt 00:00:23]} Nc6 {[%clk
00:59:52]} {[%emt 00:00:50]} 4. O-O {[%clk 01:00:25]} {[%emt 00:00:20]} e5
{[%clk 00:59:56]} {[%emt 00:00:11]} 5. d3 {[%clk 01:00:23]} {[%emt 00:00:18]}
Be7 {[%clk 01:00:01]} {[%emt 00:00:09]} 6. Nbd2 {[%clk 00:59:59]} {[%emt
00:00:40]} O-O {[%clk 00:58:35]} {[%emt 00:01:41]} 7. Re1 {[%clk 00:59:45]}
{[%emt 00:00:27]} Be6 {[%clk 00:58:36]} {[%emt 00:00:14]} 8. e4 {[%clk
00:59:34]} {[%emt 00:00:28]} d4 {[%clk 00:58:37]} {[%emt 00:00:15]} 9. c3
{[%clk 00:59:30]} {[%emt 00:00:18]} h6 {[%clk 00:58:00]} {[%emt 00:00:49]} 10.
Nc4 {[%clk 00:59:17]} {[%emt 00:00:30]} dxc3 {[%clk 00:56:35]} {[%emt
00:01:39]} 11. bxc3 {[%clk 00:59:12]} {[%emt 00:00:21]} Qd7 {[%clk 00:56:23]}
{[%emt 00:00:20]} 12. Ncxe5 {[%clk 00:59:06]} {[%emt 00:00:29]} Nxe5 {[%clk
00:56:20]} {[%emt 00:00:19]} 13. Nxe5 {[%clk 00:59:09]} {[%emt 00:00:11]} Qc8
{[%clk 00:55:42]} {[%emt 00:00:43]} 14. h4 {[%clk 00:58:35]} {[%emt 00:00:58]}
Bh3 {[%clk 00:55:23]} {[%emt 00:00:34]} 15. Kh2 {[%clk 00:58:28]} {[%emt
00:00:23]} Bxg2 {[%clk 00:55:24]} {[%emt 00:00:13]} 16. Kxg2 {[%clk 00:58:33]}
{[%emt 00:00:11]} Qe6 {[%clk 00:52:46]} {[%emt 00:02:41]} 17. d4 {[%clk
00:58:23]} {[%emt 00:00:37]} Rad8 {[%clk 00:52:32]} {[%emt 00:00:25]} 18. Qb3
{[%clk 00:58:19]} {[%emt 00:00:23]} Qb6 {[%clk 00:50:53]} {[%emt 00:01:40]} 19.
Qxb6 {[%clk 00:58:25]} {[%emt 00:00:23]} axb6 {[%clk 00:50:28]} {[%emt
00:00:40]} 20. a4 {[%clk 00:58:12]} {[%emt 00:00:29]} Bd6 {[%clk 00:47:18]}
{[%emt 00:03:13]} 21. Bf4 {[%clk 00:57:51]} {[%emt 00:00:47]} Rfe8 {[%clk
00:46:51]} {[%emt 00:00:28]} 22. c4 {[%clk 00:57:22]} {[%emt 00:00:59]} c5
{[%clk 00:46:41]} {[%emt 00:00:18]} 23. Rad1 {[%clk 00:57:05]} {[%emt
00:00:38]} cxd4 {[%clk 00:46:20]} {[%emt 00:00:36]} 24. Rxd4 {[%clk 00:57:06]}
{[%emt 00:00:13]} Bb4 {[%clk 00:46:08]} {[%emt 00:00:17]} 25. Rxd8 {[%clk
00:56:47]} {[%emt 00:00:46]} Rxd8 {[%clk 00:45:50]} {[%emt 00:00:18]} 26. Rb1
{[%clk 00:56:59]} {[%emt 00:00:18]} Bd6 {[%clk 00:45:37]} {[%emt 00:00:12]} 27.
Rxb6 {[%clk 00:57:04]} {[%emt 00:00:24]} Bxe5 {[%clk 00:45:27]} {[%emt
00:00:26]} 28. Bxe5 {[%clk 00:57:10]} {[%emt 00:00:09]} Nd7 {[%clk 00:45:04]}
{[%emt 00:00:15]} 29. Bc7 {[%clk 00:57:10]} {[%emt 00:00:38]} Nxb6 {[%emt
00:00:17]} 30. Bxd8 {[%emt 00:00:09]} Nxc4 {[%clk 00:44:28]} {[%emt 00:00:18]}
31. a5 {[%clk 00:57:08]} {[%emt 00:00:24]} Kf8 {[%clk 00:44:29]} {[%emt
00:00:12]} 32. Kf3 {[%clk 00:57:06]} {[%emt 00:00:19]} Ke8 {[%clk 00:44:21]}
{[%emt 00:00:18]} 33. Bb6 {[%clk 00:57:05]} {[%emt 00:00:21]} Nxb6 {[%clk
00:44:17]} {[%emt 00:00:14]} 34. axb6 {[%clk 00:57:18]} {[%emt 00:00:07]} Kd7
{[%emt 00:00:06]} 35. h5 {[%emt 00:00:17]} Kc6 {[%clk 00:43:46]} {[%emt
00:00:17]} 36. Ke2 {[%clk 00:57:22]} {[%emt 00:00:16]} Kxb6 {[%clk 00:43:48]}
{[%emt 00:00:11]} 37. Kd2 {[%clk 00:57:27]} {[%emt 00:00:13]} g6 {[%clk
00:43:51]} {[%emt 00:00:12]} 38. hxg6 {[%clk 00:57:34]} {[%emt 00:00:09]} fxg6
{[%clk 00:43:59]} {[%emt 00:00:06]} 39. f4 {[%clk 00:57:34]} {[%emt 00:00:15]}
g5 {[%clk 00:44:05]} {[%emt 00:00:09]} 40. fxg5 {[%clk 00:57:42]} {[%emt
00:00:08]} hxg5 {[%clk 00:43:36]} {[%emt 00:00:42]} 41. Kd3 {[%clk 00:57:45]}
{[%emt 00:00:14]} Kc5 {[%emt 00:00:05]} 42. g4 {[%emt 00:00:15]} b5 {[%clk
00:43:17]} {[%emt 00:00:15]} 43. Kc3 {[%clk 00:57:23]} {[%emt 00:00:36]} b4+
{[%clk 00:42:49]} {[%emt 00:00:42]} 44. Kd3 {[%clk 00:56:22]} {[%emt 00:01:17]}
Kb5 {[%clk 00:42:41]} {[%emt 00:00:16]} 45. Kd4 {[%clk 00:56:05]} {[%emt
00:00:39]} Ka4 {[%clk 00:42:38]} {[%emt 00:00:10]} 46. e5 {[%clk 00:56:00]}
{[%emt 00:00:29]} b3 {[%clk 00:42:41]} {[%emt 00:00:11]} 47. e6 {[%clk
00:56:09]} {[%emt 00:00:06]} b2 {[%clk 00:42:46]} {[%emt 00:00:07]} 48. e7
{[%emt 00:00:21]} b1=Q {[%emt 00:00:08]} 49. e8=Q+ {[%emt 00:00:12]} Kb4 {[%clk
00:41:52]} {[%emt 00:00:24]} 50. Qb8+ {[%clk 00:56:31]} {[%emt 00:00:15]} Ka3
{[%clk 00:40:33]} {[%emt 00:01:31]} 51. Qxb1 {[%clk 00:56:38]} {[%emt
00:00:11]} Ka4 {[%clk 00:40:28]} {[%emt 00:00:15]} 52. Kc4 {[%clk 00:56:49]}
{[%emt 00:00:09]} Ka5 {[%clk 00:39:44]} {[%emt 00:00:58]} 53. Qb5# {[%emt
00:00:18]} 1-0